A practical English grammar : Exercises I and Exercises II

The book provides intermediate learners with a wealth of interesting and lively practical material, concentrating on those areas of grammar which generally cause most difficultty

Spremljeno u:
Bibliografski detalji
Glavni autor: Thomson, A J
Format: Knjiga
Jezik:Undetermined
Izdano: Oxford Oxford University Press 1991
Teme:
Oznake: Dodaj oznaku
Bez oznaka, Budi prvi tko označuje ovaj zapis!
Thư viện lưu trữ: Trung tâm Học liệu Trường Đại học Cần Thơ
LEADER 00895nam a2200241Ia 4500
001 CTU_27021
008 210402s9999 xx 000 0 und d
082 |a 428.24076 
082 |b T482 
100 |a Thomson, A J 
245 2 |a A practical English grammar : 
245 0 |b Exercises I and Exercises II 
245 2 |c A J Thomson, A V Martinet 
260 |a Oxford 
260 |b Oxford University Press 
260 |c 1991 
520 |a The book provides intermediate learners with a wealth of interesting and lively practical material, concentrating on those areas of grammar which generally cause most difficultty 
526 |a Ngữ pháp trung cấp 
526 |b SG280 
650 |a English language 
650 |x Grammar 
904 |i Huỳnh Mai chuyển số PL từ 425.076 thành 428.24076 chưa in nhãn 
980 |a Trung tâm Học liệu Trường Đại học Cần Thơ